000
00382nam a2200133Ia 4500
008
100328s9999 xx 000 0 und d
082
_b
65218
100
_a
भावे राम.
245
_a
भावलेली माणस.
260
_b
शिवमे.
630
_a
भावलेली माणस.
730
_a
भावलेली माणस.
942
_c
BOOK
999
_c
550966
_d
550963